Corpo a corpo : diario dall'interno dell'aids /
Uloženo v:
| Hlavní autor: | |
|---|---|
| Další autoři: | |
| Médium: | Kniha |
| Jazyk: | italština |
| Vydáno: |
Milano :
A. Mondadori,
1989
|
| Edice: | Ingrandimenti
|
| Témata: | |
| Tagy: |
Žádné tagy, Buďte první, kdo vytvoří štítek k tomuto záznamu!
|
MARC
| LEADER | 00000nam a22000007i 4500 | ||
|---|---|---|---|
| 001 | IT\ICCU\CFI\0192956 | ||
| 003 | ItRI | ||
| 005 | 20260124121930.0 | ||
| 008 | 920510s1989 it |||||| ||||| |||||c | ||
| 020 | |a 8804314508 | ||
| 040 | |b ita |c C | ||
| 041 | 7 | |a ita |2 ISO-639-2 | |
| 082 | |a 362.1 |2 12 | ||
| 100 | 1 | |a Dreuilhe, Alain Emmanuel |0 IT\ICCU\CFIV\105301 |4 aut | |
| 240 | 1 | 0 | |a Corps à corps. - |9 Dreuilhe, Alain Emmanuel |
| 245 | 1 | 0 | |a Corpo a corpo : |b diario dall'interno dell'aids / |c Alain Emmanuel Dreuilhe ; traduzione di Doretta Chioatto. |
| 260 | |a Milano : |b A. Mondadori, |c 1989 | ||
| 300 | |a 142 p. ; |c 22 cm | ||
| 650 | 7 | |a Sindrome da immunodeficienza acquisita |x Diari e memorie |2 scbi | |
| 700 | 1 | |a Chioatto, Doretta |0 IT\ICCU\CFIV\032423 | |
| 830 | 0 | |a Ingrandimenti |0 IT\ICCU\CFI\0003306 | |
| 942 | |2 ddc |c BK | ||
| 952 | |0 0 |1 0 |2 ddc |4 0 |6 362_100000000000000_EMM_COR |7 1 |9 397 |a GE |b GE |d 2023-12-12 |l 0 |o 362.1 EMM COR |p 4661 |r 2023-12-14 00:54:32 |w 2023-12-14 |y BK | ||
| 952 | |0 0 |1 0 |4 0 |6 A_616_979000000000000_DRE |7 0 |9 14418 |a BO |b BO |d 2026-01-15 |i 3702 |l 0 |o A 616.979 DRE |p BO3702 |r 2026-01-15 23:18:46 |w 2026-01-15 |x [Sebina 7] [1 v.] |y BK |z 1 v. | ||
| 999 | |c 956 |d 956 | ||